| 000 | 00595nam a2200193Ia 4500 | ||
|---|---|---|---|
| 003 | LDD | ||
| 008 | 181029s9999 xx 000 0 und d | ||
| 020 |
_a9780521835213 _cP 45.00 |
||
| 040 | _cLDD | ||
| 100 | _aKhomskii, Daniel I. | ||
| 245 | 0 |
_aBasic aspects of the quantum theory of solids _border and elementary excitations _cDaniel I. Khomskii |
|
| 260 |
_aNew York _bCUP _c2010 |
||
| 300 | _axiv,301p. | ||
| 365 | _bP 45.00 | ||
| 901 |
_a7948 _b11-11-2011 |
||
| 902 |
_aIN1419 _b22-11-2011 _cF _dTBB _e53 |
||
| 903 |
_aDiscount-15 _bReqst by : S. M. Gokhale |
||
| 942 |
_2ddc _cBK |
||
| 999 |
_c99508 _d99508 |
||